"V. B., O. C. (17) S/ HOMICIDIO AGRAVADO POR EL USO DE ARMA DE FUEGO EN CALIDAD DE AUTOR", "V. B., O. C. (16) S/ HOMICIDIO EN OCACIÓN DE ROBO" "V. B., O. C. (17) S/ ROBO SIMPLE EN GRADO DE TENTATIVA EN CALIDAD DE COAUTOR" / (Record no. 1307)

MARC details
000 -CABECERA
Campo de control de longitud fija 01334nam a22002897a 4500
005 - FECHA Y HORA DE LA ULTIMA TRANSACCION (NR)
Campo de control 20260701105331.0
008 - ELEMENTOS DE LONGITUD FIJA -- INFORMACION GENERAL (NR)
Campo de control de longitud fija 260630s2026 ag ||||| |||| 00| 0 spa d
020 ## - TIPO DE RESOLUCION Y NUMERO
Número de Resolución Sentencia TI 39/26 Fecha 19/06/2026
Tipo de Resolución Sentencias
110 ## - ASIENTO PRINCIPAL--NOMBRE CORPORATIVO (NR)
Nombre corporativo o de jurisdicción como elemento de entrada (NR) Tribunal de Impugnación
9 (RLIN) 1
245 11 - CARATULA
Caratula "V. B., O. C. (17) S/ HOMICIDIO AGRAVADO POR EL USO DE ARMA DE FUEGO EN CALIDAD DE AUTOR", "V. B., O. C. (16) S/ HOMICIDIO EN OCACIÓN DE ROBO" "V. B., O. C. (17) S/ ROBO SIMPLE EN GRADO DE TENTATIVA EN CALIDAD DE COAUTOR" /
Mención de responsabilidad, etc. (NR) Tribunal de Impugnación
300 ## - DESCRIPCION FISICA (R)
Extensión (R) 84 p.
Otros detalles físicos (NR) pdf
518 ## - NOTA DE FECHA/HORA Y LUGAR DE UN EVENTO (R)
Fecha de la Resolución (NR) 19/06/2026
653 ## - TERMINO DE INDIZACION - NO CONTROLADO (R)
Término de indización no controlado (R) HOMICIDIO AGRAVADO POR EL USO DE ARMA DE FUEGO EN CALIDAD DE AUTOR
653 ## - TERMINO DE INDIZACION - NO CONTROLADO (R)
Término de indización no controlado (R) HOMICIDIO EN OCASIÓN DE ROBO
653 ## - TERMINO DE INDIZACION - NO CONTROLADO (R)
Término de indización no controlado (R) ROBO SIMPLE EN GRADO DE TENTATIVA EN CALIDAD DE COAUTOR
653 ## - TERMINO DE INDIZACION - NO CONTROLADO (R)
Término de indización no controlado (R) CONVENCIÓN SOBRE LOS DERECHOS DEL NIÑO
653 ## - TERMINO DE INDIZACION - NO CONTROLADO (R)
Término de indización no controlado (R) INTERÉS SUPERIOR DEL NIÑO
653 ## - TERMINO DE INDIZACION - NO CONTROLADO (R)
Término de indización no controlado (R) SISTEMA PENAL JUVENIL
653 ## - TERMINO DE INDIZACION - NO CONTROLADO (R)
Término de indización no controlado (R) REITERACIÓN DELICTIVA
653 ## - TERMINO DE INDIZACION - NO CONTROLADO (R)
Término de indización no controlado (R) HOMICIDIOS CONSUMADOS
700 ## - FIRMANTES - NOMBRE PERSONAL (R)
Nombre personal (NR) Martini, Florencia María
9 (RLIN) 11
700 1# - FIRMANTES - NOMBRE PERSONAL (R)
Nombre personal (NR) Sauli, Estefania
9 (RLIN) 70
700 1# - FIRMANTES - NOMBRE PERSONAL (R)
Nombre personal (NR) Repetto, Andrés
9 (RLIN) 10
774 ## - NUMERO DE LEGAJO
Número de Legajo Legajo 279770/23 251189/23 287436/23
856 ## - LOCALIZACION Y ACCESO ELECTRONICOS (R)
Identificador Uniforme del Recurso (“URI”) (R) <a href="http://jurispenal.jusneuquen.gov.ar/cgi-bin/koha/opac-retrieve-file.pl?id=6287b183ed659681626829602b52d4ac">http://jurispenal.jusneuquen.gov.ar/cgi-bin/koha/opac-retrieve-file.pl?id=6287b183ed659681626829602b52d4ac</a>
Texto del vínculo (R) Texto completo Sentencia TI
942 ## - Elementos Agregados (KOHA)
Fuente de clasificación o esquema de estanterías Dewey Decimal Classification
Tipo de material Koha (Default) Sentencias

No items available.